header

Ethical issues of human genetic databases (Record no. 87613)

MARC details
000 -LEADER
fixed length control field 01449nam a2200349Ia 4500
082 04 - DEWEY DECIMAL CLASSIFICATION NUMBER
Classification number 616/.042072
100 1# - MAIN ENTRY--AUTHOR NAME
Personal name Elger, Bernice.
245 10 - TITLE STATEMENT
Title Ethical issues of human genetic databases
260 ## - PUBLICATION, DISTRIBUTION, ETC. (IMPRINT)
Place of publication Burlington, VT :
Name of publisher Ashgate,
Year of publication 2010.
300 ## - PHYSICAL DESCRIPTION
Number of Pages xiii, 318 p.
490 1# - SERIES STATEMENT
Series statement Medical law and ethics
650 #0 - SUBJECT ADDED ENTRY--TOPICAL TERM
Topical Term Medical genetics
Topical Term Human genetics
Topical Term Medicine
856 40 - ELECTRONIC LOCATION AND ACCESS
Uniform Resource Identifier http://site.ebrary.com/lib/rucke/Doc?id=10395011

No items available.

© 2026 Rongo University
Contact us: librarian | system librarian | Rongo university